000 00384nam a2200145 i 4500
001 bg
100 1 _aMATEJSKI, Ryszard
245 0 _aTablice do projektowaniaaparatury chemicznej :
_bskrypt /
_cRyszard Matejski, Jerzy Pikoń.
260 _aKraków,
_c1974.
700 1 _aPIKOŃ, Jerzy
040 _cBPK
041 _apol
942 _cKS
008 s pl f |000 0 pol
999 _c47097
_d47097
856 _uhttp://koha.tu.koszalin.pl/cgi-bin/koha/opac-detail.pl?biblionumber=47097
_yKatalog online BPK